| 000 | 07371ncm0a2200553 4500 | ||
|---|---|---|---|
| 001 | RU\NLR\ONIZ\212371 | ||
| 005 | 20250624195725.0 | ||
| 010 | _a5-93138-076-0 | ||
| 035 | _a(NLR Aleph) 010891897 | ||
| 090 |
_a10558692 _c10558692 |
||
| 100 | _a20150715d2004 |||y0rusy50 ca | ||
| 101 | 0 | _arus | |
| 102 | _aRU | ||
| 125 | _aax | ||
| 128 | _armc | ||
| 145 | 0 | _ac | |
| 200 | 1 |
_aРомансы _bНоты _eдля голоса в сопровожд. фп. _fК. Бугаенко |
|
| 210 |
_aМосква _cСовременная музыка _d2004 |
||
| 215 |
_a52 с. _d29 см |
||
| 313 | _aСистематизация документа проведена по изданию - Методика классифицирования музыкальных произведений (нотных изданий) по таблицам Библиотечно-библиографических классификаций : метод. рекомендации / Гос. б-ка СССР им. В.И. Ленина.- М., 1977. Индексу ББК методических рекомендаций присваивается код ББК для научных библиотек - LBC/SL | ||
| 327 | 1 |
_a1. Оттого и люблю : "Я люблю сердечно, безрассудно..." / сл. И. Северянина. _a2. Тень : "О, когда бы я назвал своею..." / сл. В. Брюсова. _a3. Слова любви, не сказанные мною... / сл. К. Бальмонта. _a4. Все они говорят об одном : "Соловьи монастырского сада..." / сл. И. Северянина. _a5. Печали : "Не могу я вспомнить..." / сл. М. Кузмина. _a6. Сон : "Снова сон, пленительный и сладкий..." / сл. И. Бунина. _a7. Поговори со мной / сл. Г. Иванова. _a8. Южная ночь : "Звезды ночью весенней нежнее..." / сл. И. Бунина ; _a9. Мы рядом шли... / сл. И. Бунина ; _a10. Не угас еще вдали закат... / сл. И. Бунина. _a11. А, ты любовь! : "Настанут холода..." / сл. Г. Иванова. _a12. Весна : "Как светла, как светла..." / сл. И. Бунина ; _a13. Стояли ночи северного мая... / сл. И. Бунина |
|
| 464 | 0 |
_12001#$aОттого и люблю$e"Я люблю сердечно, безрассудно..."$fсл. И. Северянина _1215##$aС.3-4 _1702#1$9z01790$aСеверянин$bИ.$gИгорь$f1887 - 1941$4520 _1790#1$9z01702$aSeveryanin$bI.$gIgor$f1887 - 1941$4520$7ba _tОттого и люблю |
|
| 464 | 0 |
_12001#$aТень$e"О, когда бы я назвал своею..."$fсл. В. Брюсова _1215##$aС.5-7 _1702#1$9z01790$aБрюсов$bВ. Я.$gВалерий Яковлевич$f1873-1924$4520$7ca _1790#1$9z01702$aBryusov$bV.Y.$gValeriy Yakovlevich$f1873-1924$4520$7ba _tТень |
|
| 464 | 0 |
_12001#$aСлова любви, не сказанные мною...$fсл. К. Бальмонта _1215##$aС.7-9 _1702#1$9z01790$aБальмонт$bК. Д.$gКонстантин Дмитриевич$f1867-1942$4520 _1790#1$9z01702$aBal'mont$bK. D.$gKonstantin Dmitrievich$f1867-1942$4520 _tСлова любви, не сказанные мною... |
|
| 464 | 0 |
_12001#$aВсе они говорят об одном$e"Соловьи монастырского сада..."$fсл. И. Северянина _1215##$aС.10-15 _1702#1$9z01790$aСеверянин$bИ.$gИгорь$f1887 - 1941$4520 _1702#1$9z02790$aРахманинов$bС. В.$gСергей Васильевич$f1873-1943$4280$7ca _1790#1$9z01702$aSeveryanin$bI.$gIgor$f1887 - 1941$4520$7ba _1790#1$9z02702$aRahmaninov$bS. V.$gSergej Vasilyevich$f1873 - 1943$4280$7ba _tВсе они говорят об одном |
|
| 464 | 0 |
_12001#$aПечали$e"Не могу я вспомнить..."$fсл. М. Кузмина _1215##$aС.15-18 _1702#1$9z01790$aКузмин$bМ. А.$gМихаил Алексеевич$f1875-1936$4520 _1790#1$9z01702$aKuzmin$bM.$gMichael$clirist, poet$f1875-1936$4520 _tПечали |
|
| 464 | 0 |
_12001#$aСон$e"Снова сон, пленительный и сладкий..."$fсл. И. Бунина _1215##$aС.18-22 _1702#1$9z01790$aБунин$bИ.А.$gИван Алексеевич$f1870-1953$4520 _1790#1$9z01702$aBunin$bI. A.$gIvan Alexeevich$f1870-1953$4520$7ba _tСон |
|
| 464 | 0 |
_12001#$aПоговори со мной$fсл. Г. Иванова _1215##$aС.23-25 _1702#1$9z01790$aИванов$bГ. В.$gГеоргий Владимирович$f1894-1958$4520 _1790#1$9z01702$aIvanov$bG. V.$gGeorgij Vladimirovich$f1894-1958$4520 _tПоговори со мной |
|
| 464 | 0 |
_12001#$aЮжная ночь$e"Звезды ночью весенней нежнее..."$fсл. И. Бунина _1215##$aС.26-30 _1702#1$9z01790$aБунин$bИ.А.$gИван Алексеевич$f1870-1953$4520 _1790#1$9z01702$aBunin$bI. A.$gIvan Alexeevich$f1870-1953$4520$7ba _tЮжная ночь |
|
| 464 | 0 |
_12001#$aМы рядом шли...$fсл. И. Бунина _1215##$aС.30-36 _1702#1$9z01790$aБунин$bИ.А.$gИван Алексеевич$f1870-1953$4520 _1790#1$9z01702$aBunin$bI. A.$gIvan Alexeevich$f1870-1953$4520$7ba _tМы рядом шли... |
|
| 464 | 0 |
_12001#$aНе угас еще вдали закат...$fсл. И. Бунина _1215##$aС.37-40 _1702#1$9z01790$aБунин$bИ.А.$gИван Алексеевич$f1870-1953$4520 _1790#1$9z01702$aBunin$bI. A.$gIvan Alexeevich$f1870-1953$4520$7ba _tНе угас еще вдали закат... |
|
| 464 | 0 |
_12001#$aА, ты любовь!$e"Настанут холода..."$fсл. Г. Иванова _1215##$aС.40-42 _1702#1$9z01790$aИванов$bГ. В.$gГеоргий Владимирович$f1894-1958$4520 _1790#1$9z01702$aIvanov$bG. V.$gGeorgij Vladimirovich$f1894-1958$4520 _tА, ты любовь! |
|
| 464 | 0 |
_12001#$aВесна$e"Как светла, как светла..."$fсл. И. Бунина _1215##$aС.42-45 _1702#1$9z01790$aБунин$bИ.А.$gИван Алексеевич$f1870-1953$4520 _1790#1$9z01702$aBunin$bI. A.$gIvan Alexeevich$f1870-1953$4520$7ba _tВесна |
|
| 464 | 0 |
_12001#$aСтояли ночи северного мая...$fсл. И. Бунина _1215##$aС.46-52 _1702#1$9z01790$aБунин$bИ.А.$gИван Алексеевич$f1870-1953$4520 _1790#1$9z01702$aBunin$bI. A.$gIvan Alexeevich$f1870-1953$4520$7ba _tСтояли ночи северного мая... |
|
| 606 | 1 |
_aВокальная музыка русская _yРоссия _z19-21 вв. _jНоты _2nlr_sh |
|
| 608 |
_aРоманс (вокальный) _xНоты _yРоссия _z20-21 вв. _2nlr_sh |
||
| 686 |
_aЩ943.4-42-043.3(2Р)я44 _vLBC/SL _2rubbk |
||
| 700 | 1 |
_9z04790 _aБугаенко _bК. _gКирил _4230 |
|
| 702 | 1 |
_9z03790 _aШершунов _bА. Т. _gАлександр Тихонович _4340 _4220 |
|
| 790 | 1 |
_9z03702 _aShershunov _bA. T. _gAleksandr Tihonovich _4340 _4220 |
|
| 790 | 1 |
_9z04700 _aBugaenko _bK. _gKirill _4230 |
|
| 801 | 0 |
_aRU _bNLR _c20150715 _gPSBO |
|
| 801 | 1 |
_aRU _bNLR _c20150715 _2rusmarc |
|
| 801 | 2 |
_aRU _bNLR _c20160919 |
|
| 852 |
_aNLR _bМ _j986/364 _p279473 _t1 |
||
| 942 | _cSCORE | ||
| 980 | _aNB | ||
| 980 | _aONIZ | ||